000 00217 a2200097 4500
001 28602
100 _aYarnton, D
245 _aPractical Course in Powder Metallurgy
260 _a
_bCassell
_c
090 _c19139
_d19139
942 _aNUST-CAE
_cM
_c10157
999 _c263675
_d263675